Ont-ils déjà joué avec... Tom Cruise ? - Statistiques

Statistiques générales
  • Ce quiz a été pris 36 fois
  • Le résultat moyen est 3 sur 10
Answers on the Grid
Answers color-coded by a green-red scale on the quiz's grid according to % correct below.
Bruce Willis
Omar Sy
Sylvester Stallone
George Clooney
Gwyneth Paltrow
Anne Hathaway
Marion Cotillard
Patrick Swayze
Anthony Hopkins
Meryl Streep
Léa Seydoux
Rowan Atkinson
Mads Mikkelsen
Jonah Hill
Julia Louis-Dreyfus
Gene Hackman
Catherine Zeta-Jones
Sean Penn
John C. Reilly
Paul Newman
 
Statistiques - réponses
Réponse % Correct
Léa Seydoux
48%
Paul Newman
48%
Gene Hackman
33%
Patrick Swayze
30%
Sean Penn
30%
John C. Reilly
27%
Meryl Streep
27%
Catherine Zeta-Jones
18%
Gwyneth Paltrow
18%
Anthony Hopkins
15%
Aucun quiz correspondant
Distribution des résultats
% des personnes avec chaque résultat
Percentile par nombre de réponses
Votre historique - résultats
Vous n’avez pas pris ce quiz